[Event "Midland-ch U14"]
[Site "Kenilworth"]
[Date "2018.04.04"]
[Round "4"]
[White "Preston Bridges, Jacob"]
[Black "Bridgeman, Niamh"]
[Result "0-1"]
[WhiteElo "1412"]
[BlackElo "1438"]
[PlyCount "122"]
[EventDate "2018.04.03"]
[EventType "swiss"]
[EventRounds "6"]
[EventCountry "ENG"]
[SourceTitle "EXT 2025"]
[Source "ChessBase"]
[SourceDate "2024.10.14"]
[SourceVersion "1"]
[SourceVersionDate "2024.10.14"]
[SourceQuality "1"]

1. e4 e6 2. d4 d5 3. exd5 exd5 4. c4 Nf6 5. Nc3 Nc6 6. Be3 Be7 7. Nf3 0-0 8. Bd3 dxc4 9. Bxc4 Bg4 10. Be2 Nd5 11. Qd2 Nxe3 12. fxe3 Re8 13. a3 Bxf3 14. Bxf3 Bg5 15. Ne4 Bxe3 16. Qxe3 f5 17. 0-0 fxe4 18. Bxe4 Qxd4 19. Qxd4 Nxd4 20. Bxb7 Rab8 21. Bd5+ Kh8 22. Rab1 g6 23. Rf7 Ne2+ 24. Kh1 Nc3 25. Bc6 Nxb1 26. Bxe8 Rxe8 27. h3 Rc8 28. Rd7 Rb8 29. Rxc7 Rxb2 30. Rc8+ Kg7 31. Rc7+ Kh6 32. Rxa7 Ra2 33. a4 Nc3 34. a5 Nb5 35. Ra8 Ra3 36. Kh2 Nd4 37. a6 Nc6 38. Kh1 Nb4 39. a7 Nc6 40. Kh2 Rxa7 41. Rxa7 Nxa7 42. Kg3 Nc6 43. Kf4 Kh5 44. Kg3 Ne7 45. Kh2 Ng8 46. g4+ Kh4 47. Kg2 Nf6 48. Kh2 Nd5 49. Kg2 Nf4+ 50. Kh2 Nxh3 51. Kg2 Kxg4 52. Kh2 h5 53. Kg2 g5 54. Kh2 Nf4 55. Kg1 Kf3 56. Kh1 g4 57. Kg1 g3 58. Kh1 g2+ 59. Kh2 Ne2 60. Kh3 g1Q 61. Kh4 Qg4# 0-1

[Event "Midland-ch U14"]
[Site "Kenilworth"]
[Date "2018.04.03"]
[Round "1"]
[White "Dicen, Imogen"]
[Black "Preston Bridges, Jacob"]
[Result "1/2-1/2"]
[WhiteElo "1637"]
[BlackElo "1412"]
[PlyCount "168"]
[EventDate "2018.04.03"]
[EventType "swiss"]
[EventRounds "6"]
[EventCountry "ENG"]
[SourceTitle "EXT 2025"]
[Source "ChessBase"]
[SourceDate "2024.10.14"]
[SourceVersion "1"]
[SourceVersionDate "2024.10.14"]
[SourceQuality "1"]

1. d4 d5 2. c4 c6 3. Nf3 Nf6 4. Bf4 Bf5 5. e3 e6 6. Qb3 Qb6 7. Qxb6 axb6 8. Nbd2 Bb4 9. cxd5 exd5 10. a3 Bxd2+ 11. Nxd2 b5 12. Be2 0-0 13. 0-0 Nbd7 14. Rfc1 Ne4 15. Nxe4 dxe4 16. Bd6 Rfd8 17. b3 Nf6 18. Be7 Rdc8 19. Bxf6 gxf6 20. f3 exf3 21. gxf3 Kh8 22. Kf2 Rg8 23. a4 Bh3 24. Bf1 Bxf1 25. Rxf1 bxa4 26. bxa4 Ra5 27. Rfb1 Rh5 28. Rh1 Ra5 29. h4 b5 30. axb5 Rxa1 31. Rxa1 cxb5 32. Rb1 Rb8 33. Rb4 Kg8 34. Kg3 Kf8 35. Kf4 h5 36. Kf5 Ke7 37. e4 Rb6 38. f4 Rb7 39. e5 Rb6 40. d5 fxe5 41. fxe5 Kd7 42. e6+ fxe6+ 43. dxe6+ Rxe6 44. Rxb5 Re8 45. Kg6 Re6+ 46. Kxh5 Ke7 47. Kg4 Kf7 48. h5 Kg7 49. Kg5 Kh7 50. Rd5 Kg7 51. Rf5 Kh7 52. Ra5 Kg7 53. Rd5 Kh7 54. Rd7+ Kg8 55. h6 Rc6 56. Rb7 Kh8 57. Rf7 Rb6 58. Re7 Kg8 59. Re5 Ra6 60. Rf5 Rb6 61. Kh5 Kh7 62. Kg5 Kg8 63. Re5 Kh7 64. Re7+ Kh8 65. h7 Ra6 66. Rf7 Rb6 67. Rc7 Rd6 68. Kf5 Rh6 69. Kg5 Rxh7 70. Rc1 Ra7 71. Kg6 Ra6+ 72. Kf7 Ra7+ 73. Ke6 Ra6+ 74. Kd7 Ra7+ 75. Kc8 Ra8+ 76. Kb7 Rd8 77. Rh1+ Kg7 78. Kc7 Rh8 79. Rg1+ Kf8 80. Kd8 Kf7+ 81. Kd7 Rh2 82. Rf1+ Kg6 83. Ke6 Re2+ 84. Kd5 Rd2+ 1/2-1/2